000 01062cam a22002773a 4500
001 740
003 PGUSA
005 20140828082952.0
008 961201s1996||||xxu|||||s|||||000 | eng d
040 _aPGUSA
_beng
042 _adc
050 4 _aJK
100 1 _aCalhoun, John C.
_q(John Caldwell),
_d1782-1850
245 1 0 _aRemarks of Mr. Calhoun of South Carolina on the bill to prevent the interference of certain federal officers in elections :
_bdelivered in the Senate of the United States February 22, 1839
_h[electronic resource] /
_cJohn C. Calhoun
260 _bProject Gutenberg,
_c1996
506 _aPublic domain in the USA.
516 _aElectronic text
653 _aNullification (States' rights)
653 _aElection law -- United States -- Speeches in Congress
653 _aUnited States -- Politics and government -- 1837-1841
653 _aConstitutional law -- United States
740 0 _aOn Nullification and the Force Bill
830 0 _aProject Gutenberg
_v740
856 4 0 _uhttp://www.gutenberg.org/ebooks/740
942 _cEB
999 _c230091
_d230091